Glimpses of socio-cultural revolts in India (Record no. 6724)

MARC details
000 -LEADER
fixed length control field 00881 a2200217 4500
005 - DATE AND TIME OF LATEST TRANSACTION
control field 2008090504484.0
008 - FIXED-LENGTH DATA ELEMENTS--GENERAL INFORMATION
fixed length control field 080905t xxu||||| |||| 00| 0 eng d
010 ## - LIBRARY OF CONGRESS CONTROL NUMBER
LC control number ENG-87567
020 ## - INTERNATIONAL STANDARD BOOK NUMBER
International Standard Book Number 8188340138
Terms of availability 250.00
035 ## - SYSTEM CONTROL NUMBER
System control number EN-71100
037 ## - SOURCE OF ACQUISITION
Source of stock number/acquisition DBAD / PUB
082 ## - DEWEY DECIMAL CLASSIFICATION NUMBER
Classification number 303.40954
100 ## - MAIN ENTRY--PERSONAL NAME
Personal name Mane, Suresh
245 ## - TITLE STATEMENT
Title Glimpses of socio-cultural revolts in India
Statement of responsibility, etc by Suresh Mane
260 ## - PUBLICATION, DISTRIBUTION, ETC. (IMPRINT)
Place of publication, distribution, etc Mumbai
Name of publisher, distributor, etc Samrudh Bharat Publications
Date of publication, distribution, etc 2006
270 ## - ADDRESS
Address B/6, Shalimar Apartment, W.E. Highway, Santacruz(E),
City Mumbai
Postal code 400 055
Telephone number 26691076, 9322503549
300 ## - PHYSICAL DESCRIPTION
Extent 287 p.
Dimensions 21 cm ( Hb.)
500 ## - GENERAL NOTE
General note Includes bibliograpgical references
942 ## - ADDED ENTRY ELEMENTS (KOHA)
Institution code [OBSOLETE] dpl
Koha item type English Books
Call number prefix 303.40954/MAN
Source of classification or shelving scheme Dewey Decimal Classification
Classification part 303.40954
Call number suffix MAN
Holdings
Withdrawn status Lost status Damaged status Not for loan Collection code Home library Current library Date acquired Cost, normal purchase price Total Checkouts Full call number Barcode Date last seen Copy number Uniform Resource Identifier Cost, replacement price Price effective from Koha item type
      Not For Loan Non-fiction D.B.Act.Division D.B.Act.Division 05/09/2008 250.00   303.40954 MAN EN-71100 15/09/2008 1 7226 250.00 15/09/2008 English Books

© Delhi Public Library
Hit Counter
free hit counter